Регионална библиотека "Любен Каравелов" - Русе

Възкресения (Запис номер 511624)

MARC детайли
000 -Лидер
Контролно поле с фиксирана дължина 00769nam a2200241 a 4500
003 - Код на организацията, давaща контролен номер
Контролно поле BLK
005 - Дата и час на последна редакция
Контролно поле 20250214101558.0
008 - Елементи от данни с фиксирана дължина
fixed length control field 181018b bu ||||| |||| 00| 0 bu d
020 ## - Международен стандартен номер на книга ISBN
Международен стандартен номер на книга ISBN 9786191711727
040 ## - Източник на каталожния запис
Идентификатор на билиотеката - собственик на записа BLK
041 ## - Код за език
Код за езика на текст/звукозапис или на отделно заглавие Български
Код за езика КДБФ Български
080 ## - УДК
Текстов определител УДК Българска литература
УДК код - определител по УДК 821.163.2
УДК - код + определител 821.163.2-32
139 ## - Редно поле
Авторски знак Въз - В 91
245 ## - Сведения за заглавието
Заглавие Възкресения
Подзаглавни данни сборник разкази
Редно поле (дума) състав. Благой Д. Иванов
257 ## - Страна на издаване
Страна на създаване/издаване България
260 ## - Област на издателските данни
9 (RLIN) 218251
Място на издаване, разпространение и проч. София
Име на издателя, разпространителя и проч. Orange Books
Година на издаване 2024
300 ## - Физическа характеристика
Страници 342 с.
Размери/Мащаб 21 см
380 ## - Жанр
Жанр Худож. лит.
700 ## - Други автори (авторска отговорност)
9 (RLIN) 365099
Лично име Иванов, Благой Димитров
942 ## - АРТИКУЛИ
Вид на библиотечния материал Книги
Скрит в OPAC Не
Koha issues (borrowed), all copies 11
999 ## - СИСТЕМНИ КОНТРОЛНИ НОМЕРА
Koha biblionumber 511624
Koha biblioitemnumber 511624
999 ## - СИСТЕМНИ КОНТРОЛНИ НОМЕРА
Koha biblioitemnumber 325516
944 ## - СЪЗДАВАНЕ И РЕДАКЦИЯ на ЗАПИСА
Създаване/Редакция
Дата на регистрацията/редакция Нора Радева
Служител, извършил регистрацията/редакцията 30575
Статус, дата на статуса Мартин Енчев
Наличности
Код за отписване Код за изгубен артикул Източник на класификационната схема Код за повреда Код за отдаване Артикулен № Име на библиотеката - собственик Име на библиотеката, в която се намира в момента Статус (Текущо местоположение) Дата на вписване в системата Местоположение - отдел Цена в лева Инвентарен номер Систематично азбучна сигнатура Баркод Цена в евро Служебен тип на артикула Коз за рестрикции
  Не е изгубен Universal Decimal Classification Не е повреден заемане за дома 943889 Регионална библиотека "Любен Каравелов" Русе Регионална библиотека "Любен Каравелов" Русе Заемна - подръчен фонд 2024-06-11 Заемна - подръчен фонд 12.84 120000908999 821.163.2-32/В 91 120000908999 6.56 Книги  
  Не е изгубен Universal Decimal Classification Не е повреден ползва се в читалня 953613 Регионална библиотека "Любен Каравелов" Русе Регионална библиотека "Любен Каравелов" Русе Хранилище 2024-11-01 Хранилище 20.00 120000914401 Цб 325074 120000914401 10.23 Книги само за читалня
Vip Innovations Ltd, Rousse, Bulgaria 2025